| 000 | 00862nam a2200289Ia 4500 | ||
|---|---|---|---|
| 003 | OSt | ||
| 005 | 20220912150552.0 | ||
| 006 | a|||||r|||| 00| 0 | ||
| 007 | ta | ||
| 008 | 220909b |||||||| |||| 00| 0 eng d | ||
| 020 | _a1584881984 (hbd) | ||
| 024 | _a9836 | ||
| 037 | _cTextual | ||
| 040 |
_aCSL _beng _cCSL |
||
| 041 | _aeng | ||
| 082 | _aB281, P1 | ||
| 100 | _aPuhalskii Anatolii | ||
| 245 | 0 | _aLarge deviations and idempotent probability | |
| 260 |
_aBoca _bRaton Chapman Hall/CRC _c2001 |
||
| 300 | _axiv, 500p | ||
| 490 | _aChapman and Hall/CRC mmonographs and surveys in pure and applied mathematics; 119 | ||
| 500 | _aAppendix A-B, 457-481p; Bibliography 483-493p; Index 495-500p | ||
| 650 | _a Probability | ||
| 650 | _aStatistics | ||
| 942 |
_hB281, P1 _cTEXL _2CC |
||
| 999 |
_c50291 _d50291 |
||